|
|
|
|
| LEADER |
00000nam0a2200000 4500 |
| 001 |
48496 |
| 005 |
20231031031758.0 |
| 035 |
|
|
|a (RuTPU)RU\TPU\book\50796
|
| 090 |
|
|
|a 48496
|
| 100 |
|
|
|a 20030319d1983 km y0rusy50 ca
|
| 101 |
0 |
|
|a rus
|
| 102 |
|
|
|a RU
|
| 105 |
|
|
|a a z 001zy
|
| 200 |
1 |
|
|a Методы и приборы электромагнитного контроля промышленных изделий
|f В. Г. Герасимов, В. В. Клюев, В. Е. Шатерников
|
| 210 |
|
|
|a Москва
|c Энергоатомиздат
|d 1983
|
| 215 |
|
|
|a 271 с.
|c ил.
|
| 320 |
|
|
|a Библиогр.: с. 264 - 268
|
| 320 |
|
|
|a Основн. условн. обозначения : с. 261 - 263.
|
| 610 |
1 |
|
|a электромагнитный контроль
|
| 610 |
1 |
|
|a материалы
|
| 610 |
1 |
|
|a расчет
|
| 610 |
1 |
|
|a преобразователи
|
| 610 |
1 |
|
|a контроль
|
| 610 |
1 |
|
|a дефектоскопия
|
| 610 |
1 |
|
|a приборы
|
| 610 |
1 |
|
|a промышленные изделия
|
| 610 |
1 |
|
|a энергетические установки
|
| 610 |
1 |
|
|a построение
|
| 610 |
1 |
|
|a вихретоковые преобразователи
|
| 610 |
1 |
|
|a качество
|
| 675 |
|
|
|a 620.179.14
|v 3
|
| 700 |
|
1 |
|a Герасимов
|b В. Г.
|g Виктор Григорьевич
|
| 701 |
|
1 |
|a Клюев
|b В. В.
|g Владимир Владимирович
|
| 701 |
|
1 |
|a Шатерников
|b В. Е.
|g Виктор Егорович
|
| 801 |
|
1 |
|a RU
|b 63413507
|c 20030319
|g PSBO
|
| 801 |
|
2 |
|a RU
|b 63413507
|c 20030930
|g PSBO
|
| 801 |
|
2 |
|a RU
|b 63413507
|c 20130613
|g PSBO
|
| 900 |
|
|
|a Приборы и методы неразрушающего контроля материалов и изделий
|
| 942 |
|
|
|c BK
|